Fast typing 100 - 0 - Statistics

General Stats
  • This quiz has been taken 472 times
  • The average score is 62 of 101
Answer Stats
Hint Answer % Correct
100
100%
99
96%
98
95%
97
94%
96
93%
93
92%
94
92%
95
92%
91
91%
92
91%
88
88%
89
88%
90
88%
81
87%
82
87%
83
87%
84
87%
85
87%
86
87%
87
87%
79
85%
80
85%
75
84%
76
84%
77
84%
78
84%
73
83%
74
83%
71
82%
72
82%
67
81%
68
81%
69
81%
70
81%
63
80%
64
80%
65
80%
66
80%
62
79%
61
78%
60
76%
58
75%
59
75%
54
74%
55
74%
56
74%
57
74%
53
73%
51
72%
52
72%
50
69%
49
67%
46
65%
47
65%
48
65%
44
64%
45
64%
42
63%
43
63%
41
62%
40
60%
39
56%
38
55%
35
54%
36
54%
37
54%
34
53%
33
51%
32
50%
31
49%
30
47%
29
44%
27
43%
28
43%
26
42%
25
40%
24
39%
23
38%
22
35%
21
34%
20
33%
17
31%
18
31%
19
31%
16
29%
15
26%
14
24%
12
22%
13
22%
11
20%
10
16%
8
15%
9
15%
6
14%
7
14%
4
13%
5
13%
2
12%
3
12%
1
11%
0
9%
No matching quizzes found
Score Distribution
Percent of People with Each Score
Percentile by Number Answered
Your Score History
You have not taken this quiz